Quy định về công tác quy hoạch kế hoạch phát triển kinh tế xã hội
Gồm các văn bản của chính phủ ban hành qui định công tác xây dựng quy hoạch, kế hoạch phát triển kinh tế - xã hội, cấp thoát nước đô thị, qui hoạch phát triển nông. Lâm nghiệp nông thôn, phát triển nguồn nhân lực, phát triển sự nghiệp giáo...
Na minha lista:
| Autor Corporativo: | |
|---|---|
| Formato: | Livro |
| Idioma: | Undetermined |
| Publicado em: |
Hà Nội
Chính trị Quốc gia
2007
|
| Assuntos: | |
| Tags: |
Adicionar Tag
Sem tags, seja o primeiro a adicionar uma tag!
|
| Thư viện lưu trữ: | Trung tâm Học liệu Trường Đại học Cần Thơ |
|---|
| LEADER | 01080nam a2200217Ia 4500 | ||
|---|---|---|---|
| 001 | CTU_130968 | ||
| 008 | 210402s9999 xx 000 0 und d | ||
| 020 | |c 29000 | ||
| 082 | |a 346.045 | ||
| 082 | |b Qu600 | ||
| 110 | |a Nhà xuất bản Chính trị Quốc gia | ||
| 245 | 0 | |a Quy định về công tác quy hoạch kế hoạch phát triển kinh tế xã hội | |
| 245 | 0 | |c Nhà xuất bản Chính trị Quốc gia | |
| 260 | |a Hà Nội | ||
| 260 | |b Chính trị Quốc gia | ||
| 260 | |c 2007 | ||
| 520 | |a Gồm các văn bản của chính phủ ban hành qui định công tác xây dựng quy hoạch, kế hoạch phát triển kinh tế - xã hội, cấp thoát nước đô thị, qui hoạch phát triển nông. Lâm nghiệp nông thôn, phát triển nguồn nhân lực, phát triển sự nghiệp giáo dục | ||
| 650 | |a Economic aspects,Land use | ||
| 650 | |x law and legislation | ||
| 904 | |i Nguyên | ||
| 980 | |a Trung tâm Học liệu Trường Đại học Cần Thơ | ||